| 000 | 00709nam a2200253Ia 4500 | ||
|---|---|---|---|
| 003 | OSt | ||
| 005 | 20220918213728.0 | ||
| 006 | a|||||r|||| 00| 0 | ||
| 007 | ta | ||
| 008 | 220917b |||||||| |||| 00| 0 eng d | ||
| 024 | _a133,982 | ||
| 037 | _cTextual | ||
| 040 |
_aARTS _cARTS _beng |
||
| 041 |
_2eng _aeng |
||
| 082 | _aX:891, L9 | ||
| 100 |
_aNerlove NMarc _9128156 |
||
| 245 | 0 |
_aAnalysis of economic time series _b a synthesis |
|
| 260 |
_aNew York _bAcademic Press _c1979 |
||
| 300 |
_axi,468p. _ccm. |
||
| 490 | _aEconomic theory, econometrics and mathematical economics | ||
| 650 | _aECONOMICS | ||
| 942 |
_hX:891, L9 _cTEXL _2CC |
||
| 999 |
_c257087 _d257087 |
||